000 00457nam a22001577a 4500
003 OSt
005 20140310182446.0
008 130805t xxu||||| |||| 00| 0 eng d
020 _a1889788920
050 _aRS 141.2
_b.T974 2011
245 _aFirst Supplement :
_bU.S Pharmacopeia and National Formulary. /
260 _aU.S:
_bUnited States Pharmacopeial Convention,
_cc2011.
300 _a4639-5060 p. :
_c28 cm.
942 _2lcc
_cSSLC
999 _c13608
_d13608